000 00387 a2200169 4500
001 70186
020 _a9788526234491
040 _cAnchieta - Itaigara
100 _aCaruso, Aristides
240 1 0 _aO vírus desinformático
_lpor
245 1 0 _aO vírus desinformático
300 _a48
362 0 _a2001
440 1 _aScipione
650 4 _aLiteratura infanto-juvenil
942 _cBK
999 _c70186
_d70186